000 00590nam a2200205 a 4500
005 20140310183457.0
008 091127s19uu xx 00 eng d
020 _a9789814272551
050 _aQA 76.76.O63
_b.F598 2009
100 _aFlynn, Ida M.
245 _aUnderstanding operating systems. /
_cIda M. Flynn. Ann Maiver McHoes
250 _a5th ed.
260 _aAustralia :
_bCengage Learning,
_c2009.
300 _a577 p. :
_bill. ;
_c23 cm.
521 _aIT
650 _aOperating systems (computers).
700 _aFlynn, Ida M.
942 _cBK
_2lcc
_kFOR
999 _c23694
_d23694